000 00916nam a2200277Ia 4500
003 OSt
005 20221005023641.0
006 a|||||r|||| 00| 0
007 ta
008 221004b |||||||| |||| 00| 0 eng d
020 _a9781501515033 (hbk)
_cEURO 99.95
024 _a38199
037 _b111930, 09/03/2018, International Book Distributors
_cTextual
040 _aCRL
_cCRL
_beng
041 _2eng
_aeng
082 _aP:3, Q7
100 _aTrotzke Andreas Au.
_9579816
245 0 _aGrammar of emphasis
_b from information structure to the expressive dimension
260 _aBerlin
_bWalter de gruyter Germany
_c2017
300 _aviii,192p.
_ccm.
490 _aStudies in generative grammar; Vol. 131
650 _a LINGUISTICS
650 _aGRAMMAR
942 _hP:3, Q7
_cTEXL
_2cc
999 _c931527
_d931527